[Event "broadcasting 8 boards"]
[Site "Olginka"]
[Date "2022.09.25"]
[Round "2.1"]
[White "Savchuk, Vladimir"]
[Black "Rodin, Mihail"]
[Result "0-1"]
[BlackElo "2320"]
[WhiteElo "2066"]
[LiveChessVersion "1.4.8"]

1. e4 {[%clk 1:30:54]} e5 {[%clk 1:30:57]} 2. Nf3 {[%clk 1:31:10]} Nc6
{[%clk 1:31:24]} 3. Bb5 {[%clk 1:31:25]} a6 {[%clk 1:31:52]} 4. Ba4
{[%clk 1:31:49]} Bc5 {[%clk 1:32:15]} 5. c3 {[%clk 1:31:08]} Nge7
{[%clk 1:32:41]} 6. O-O {[%clk 1:29:52]} Ba7 {[%clk 1:33:08]} 7. d4
{[%clk 1:29:15]} exd4 {[%clk 1:33:34]} 8. cxd4 {[%clk 1:29:11]} d5
{[%clk 1:33:59]} 9. exd5 {[%clk 1:27:54]} Nxd5 {[%clk 1:34:26]} 10. Bg5
{[%clk 1:26:45]} Qd6 {[%clk 1:34:53]} 11. Re1+ {[%clk 1:25:30]} Be6
{[%clk 1:35:15]} 12. Nbd2 {[%clk 1:23:19]} O-O {[%clk 1:35:36]} 13. Ne4
{[%clk 1:14:30]} Qb4 {[%clk 1:35:41]} 14. Bxc6 {[%clk 1:07:27]} bxc6
{[%clk 1:36:08]} 15. b3 {[%clk 1:03:08]} Bg4 {[%clk 1:29:15]} 16. Rc1
{[%clk 0:58:35]} Rfe8 {[%clk 1:26:00]} 17. Bd2 {[%clk 0:50:47]} Qa3
{[%clk 1:13:15]} 18. Nc5 {[%clk 0:24:54]} Qxa2 {[%clk 1:01:26]} 19. Be3
{[%clk 0:23:18]} Bxc5 {[%clk 1:00:00]} 20. Rxc5 {[%clk 0:21:39]} Re6
{[%clk 0:56:15]} 21. Qd3 {[%clk 0:17:13]} Bxf3 {[%clk 0:56:22]} 22. gxf3
{[%clk 0:17:25]} Rae8 {[%clk 0:52:21]} 23. Rc2 {[%clk 0:12:01]} Qa5
{[%clk 0:51:45]} 24. Rce2 {[%clk 0:11:16]} Qb5 {[%clk 0:51:36]} 25. Qc4
{[%clk 0:09:26]} Nf4 {[%clk 0:50:28]} 26. Qxb5 {[%clk 0:08:46]} cxb5
{[%clk 0:50:42]} 27. Rc2 {[%clk 0:07:55]} Nd5 {[%clk 0:50:14]} 28. Rc5
{[%clk 0:06:28]} Nxe3 {[%clk 0:47:07]} 29. fxe3 {[%clk 0:06:31]} Rxe3
{[%clk 0:47:32]} 30. Rxe3 {[%clk 0:02:06]} Rxe3 {[%clk 0:47:59]} 31. Rxc7
{[%clk 0:02:26]} g6 {[%clk 0:48:16]} 32. d5 {[%clk 0:01:20]} Rxb3
{[%clk 0:47:31]} 33. d6 {[%clk 0:01:28]} Rd3 {[%clk 0:47:58]} 34. d7
{[%clk 0:01:38]} Kf8 {[%clk 0:48:13]} 35. Ra7 {[%clk 0:01:16]} Ke7
{[%clk 0:48:24]} 36. d8=Q+ {[%clk 0:00:54]} Kxd8 {[%clk 0:48:48]} 37. Rxa6
{[%clk 0:01:18]} Rxf3 {[%clk 0:49:01]} 0-1

[Event "broadcasting 8 boards"]
[Site "Olginka"]
[Date "2022.09.25"]
[Round "2.2"]
[White "Dmitriev, Igor"]
[Black "Savinkov, Viktor"]
[Result "1-0"]
[BlackElo "2068"]
[WhiteElo "2174"]
[LiveChessVersion "1.4.8"]

1. c4 {[%clk 1:30:39]} e5 {[%clk 1:30:53]} 2. g3 {[%clk 1:30:29]} Nf6
{[%clk 1:30:58]} 3. Bg2 {[%clk 1:30:46]} Bc5 {[%clk 1:29:39]} 4. Nc3
{[%clk 1:30:41]} Nc6 {[%clk 1:29:44]} 5. e3 {[%clk 1:30:39]} d6 {[%clk 1:29:45]}
6. Nge2 {[%clk 1:30:51]} Bg4 {[%clk 1:29:13]} 7. h3 {[%clk 1:28:39]} Bh5
{[%clk 1:28:36]} 8. O-O {[%clk 1:17:55]} O-O {[%clk 1:23:04]} 9. g4
{[%clk 1:13:46]} Bg6 {[%clk 1:23:25]} 10. d4 {[%clk 1:14:03]} Bb6
{[%clk 1:14:30]} 11. f4 {[%clk 1:14:01]} exf4 {[%clk 1:11:53]} 12. exf4
{[%clk 1:09:25]} h6 {[%clk 1:07:23]} 13. f5 {[%clk 1:06:07]} Bh7 {[%clk 1:07:46]}
14. g5 {[%clk 1:02:37]} Nh5 {[%clk 1:02:39]} 15. h4 {[%clk 1:01:13]} Ne7
{[%clk 0:52:35]} 16. Qd3 {[%clk 0:59:53]} Qd7 {[%clk 0:49:00]} 17. Bh3
{[%clk 0:58:13]} Kh8 {[%clk 0:30:52]} 18. Qf3 {[%clk 0:56:51]} Qc6
{[%clk 0:24:47]} 19. Qxh5 {[%clk 0:56:22]} Qxc4 {[%clk 0:24:57]} 20. Qf3
{[%clk 0:40:22]} Bxd4+ {[%clk 0:24:47]} 21. Nxd4 {[%clk 0:40:36]} Qxd4+
{[%clk 0:25:10]} 22. Qf2 {[%clk 0:40:53]} Qd3 {[%clk 0:21:05]} 23. Qe3
{[%clk 0:38:12]} Qc4 {[%clk 0:14:18]} 24. Rf4 {[%clk 0:37:58]} Qc5
{[%clk 0:13:00]} 25. Qxc5 {[%clk 0:38:17]} dxc5 {[%clk 0:13:29]} 26. Be3
{[%clk 0:37:22]} b6 {[%clk 0:13:41]} 27. gxh6 {[%clk 0:35:58]} gxh6
{[%clk 0:13:19]} 28. Rf2 {[%clk 0:36:20]} h5 {[%clk 0:13:22]} 29. Re1
{[%clk 0:36:10]} Rg8+ {[%clk 0:10:55]} 30. Kh2 {[%clk 0:36:27]} Rae8
{[%clk 0:11:03]} 31. Bg5 {[%clk 0:36:39]} 1-0

[Event "broadcasting 8 boards"]
[Site "Olginka"]
[Date "2022.09.25"]
[Round "2.3"]
[White "Kovalev, Evgeny"]
[Black "Piankov, Evgenij"]
[Result "1/2-1/2"]
[BlackElo "2165"]
[WhiteElo "2048"]
[LiveChessVersion "1.4.8"]

1. d4 {[%clk 1:30:55]} d5 {[%clk 1:30:45]} 2. Nf3 {[%clk 1:31:19]} Nf6
{[%clk 1:30:58]} 3. c4 {[%clk 1:31:38]} c6 {[%clk 1:31:18]} 4. Nc3
{[%clk 1:31:54]} a6 {[%clk 1:31:29]} 5. a4 {[%clk 1:32:07]} g6 {[%clk 1:28:32]}
6. g3 {[%clk 1:29:33]} Bg7 {[%clk 1:28:40]} 7. Bg2 {[%clk 1:29:51]} O-O
{[%clk 1:28:27]} 8. a5 {[%clk 1:29:53]} Ne4 {[%clk 1:16:04]} 9. O-O
{[%clk 1:28:31]} Nxc3 {[%clk 1:12:13]} 10. bxc3 {[%clk 1:28:53]} c5
{[%clk 1:12:18]} 11. cxd5 {[%clk 1:26:02]} Qxd5 {[%clk 1:11:20]} 12. Ne5
{[%clk 1:21:15]} Qe6 {[%clk 1:11:04]} 13. f4 {[%clk 1:21:13]} Bxe5
{[%clk 0:55:17]} 14. fxe5 {[%clk 1:21:05]} cxd4 {[%clk 0:54:24]} 15. cxd4
{[%clk 1:21:02]} Rd8 {[%clk 0:52:09]} 16. Bf4 {[%clk 1:17:54]} Qc4
{[%clk 0:48:06]} 17. e3 {[%clk 1:16:58]} Nc6 {[%clk 0:47:11]} 18. d5
{[%clk 1:02:44]} Nb4 {[%clk 0:39:36]} 19. e4 {[%clk 0:58:29]} Nd3
{[%clk 0:29:02]} 20. Kh1 {[%clk 0:54:30]} Nxf4 {[%clk 0:28:52]} 21. gxf4
{[%clk 0:50:33]} e6 {[%clk 0:19:41]} 22. d6 {[%clk 0:41:12]} Bd7 {[%clk 0:19:20]}
23. Qg4 {[%clk 0:38:44]} Bc6 {[%clk 0:17:23]} 24. Rae1 {[%clk 0:38:56]} Qb4
{[%clk 0:17:18]} 25. h4 {[%clk 0:38:34]} Rd7 {[%clk 0:12:56]} 26. h5
{[%clk 0:36:43]} Qxa5 {[%clk 0:12:09]} 27. hxg6 {[%clk 0:31:52]} hxg6
{[%clk 0:12:14]} 28. Re3 {[%clk 0:32:03]} Kg7 {[%clk 0:07:13]} 29. Rh3
{[%clk 0:26:03]} Rh8 {[%clk 0:07:28]} 30. Rxh8 {[%clk 0:25:46]} Kxh8
{[%clk 0:07:56]} 31. Qg5 {[%clk 0:24:19]} Kg8 {[%clk 0:06:15]} 32. Qg3
{[%clk 0:21:05]} Kg7 {[%clk 0:04:32]} 33. f5 {[%clk 0:20:47]} exf5
{[%clk 0:04:47]} 34. exf5 {[%clk 0:20:37]} Bxg2+ {[%clk 0:05:02]} 35. Kxg2
{[%clk 0:20:55]} Qd2+ {[%clk 0:03:06]} 36. Rf2 {[%clk 0:20:46]} Qd5+
{[%clk 0:03:17]} 37. Kh2 {[%clk 0:20:34]} Qd1 {[%clk 0:02:59]} 38. e6
{[%clk 0:17:42]} Qh5+ {[%clk 0:01:34]} 39. Kg1 {[%clk 0:15:44]} fxe6
{[%clk 0:01:57]} 40. Qe5+ {[%clk 0:45:10]} Kg8 {[%clk 0:31:04]} 41. Qxe6+
{[%clk 0:44:33]} Rf7 {[%clk 0:31:23]} 42. Qe8+ {[%clk 0:40:58]} Rf8
{[%clk 0:31:08]} 43. Qe6+ {[%clk 0:38:54]} Rf7 {[%clk 0:31:25]} 44. f6
{[%clk 0:37:04]} Qg5+ {[%clk 0:29:25]} 45. Kf1 {[%clk 0:35:16]} Qc1+
{[%clk 0:29:11]} 46. Ke2 {[%clk 0:34:25]} Qb2+ {[%clk 0:29:31]} 47. Ke1
{[%clk 0:33:40]} Qc1+ {[%clk 0:29:43]} 48. Ke2 {[%clk 0:33:53]} Qb2+
{[%clk 0:30:10]} 49. Ke1 {[%clk 0:33:17]} 1/2-1/2

[Event "broadcasting 8 boards"]
[Site "Olginka"]
[Date "2022.09.25"]
[Round "2.4"]
[White "Bebchuk, Boris"]
[Black "Kolomensky, Vladimir"]
[Result "0-1"]
[BlackElo "2055"]
[WhiteElo "2089"]
[LiveChessVersion "1.4.8"]

1. d4 {[%clk 1:30:35]} Nf6 {[%clk 1:30:52]} 2. c4 {[%clk 1:30:57]} e6
{[%clk 1:31:13]} 3. a3 {[%clk 1:31:11]} c5 {[%clk 1:31:23]} 4. d5 exd5 5. cxd5
{[%clk 1:30:30]} d6 {[%clk 1:31:41]} 6. Nc3 {[%clk 1:30:36]} g6 {[%clk 1:31:56]}
7. e4 {[%clk 1:25:03]} Bg7 {[%clk 1:32:05]} 8. Nf3 {[%clk 1:25:14]} O-O
{[%clk 1:32:15]} 9. Be2 {[%clk 1:25:14]} a6 {[%clk 1:27:15]} 10. a4
{[%clk 1:25:26]} Bg4 {[%clk 1:24:33]} 11. O-O {[%clk 1:24:14]} Re8
{[%clk 0:51:18]} 12. h3 {[%clk 1:22:56]} Bxf3 {[%clk 0:50:16]} 13. Bxf3
{[%clk 1:23:23]} Nbd7 {[%clk 0:49:54]} 14. g3 {[%clk 1:23:41]} c4
{[%clk 0:44:01]} 15. Be3 {[%clk 1:12:53]} Qa5 {[%clk 0:23:10]} 16. Qb1
{[%clk 0:45:44]} Rac8 {[%clk 0:16:28]} 17. Bd2 {[%clk 0:42:16]} Nc5
{[%clk 0:13:44]} 18. Bf4 {[%clk 0:42:24]} Qc7 {[%clk 0:11:46]} 19. Rd1
{[%clk 0:40:21]} Nb3 {[%clk 0:08:35]} 20. Ra3 {[%clk 0:40:16]} Nd7
{[%clk 0:08:45]} 21. Bg4 {[%clk 0:40:26]} h5 {[%clk 0:06:09]} 22. Bxd7
{[%clk 0:40:47]} Qxd7 {[%clk 0:06:38]} 23. Kg2 {[%clk 0:41:03]} Nc5
{[%clk 0:04:58]} 24. Qc2 {[%clk 0:40:36]} b5 {[%clk 0:05:05]} 25. axb5
{[%clk 0:40:10]} axb5 {[%clk 0:05:33]} 26. Ra5 {[%clk 0:39:55]} b4
{[%clk 0:04:00]} 27. Nb5 {[%clk 0:39:55]} Nxe4 {[%clk 0:02:52]} 28. Re1
{[%clk 0:37:27]} b3 {[%clk 0:03:06]} 29. Qb1 {[%clk 0:37:45]} f5 {[%clk 0:01:25]}
30. f3 {[%clk 0:37:54]} g5 {[%clk 0:01:02]} 31. Be3 {[%clk 0:34:12]} Nf6
{[%clk 0:00:43]} 32. Nd4 {[%clk 0:34:25]} Rc5 {[%clk 0:00:35]} 33. Rxc5
{[%clk 0:29:27]} dxc5 {[%clk 0:01:04]} 34. Nxf5 {[%clk 0:29:37]} Nxd5
{[%clk 0:01:15]} 35. Bf2 {[%clk 0:25:45]} Rxe1 {[%clk 0:01:37]} 36. Bxe1
{[%clk 0:26:11]} Qxf5 {[%clk 0:01:59]} 37. Qa1 {[%clk 0:26:06]} Qc2+
{[%clk 0:01:51]} 38. Bf2 {[%clk 0:26:33]} Ne3+ {[%clk 0:02:07]} 0-1

[Event "broadcasting 8 boards"]
[Site "Olginka"]
[Date "2022.09.25"]
[Round "2.5"]
[White "Nelyubin, Sergey"]
[Black "Kurdakov, Yuri"]
[Result "0-1"]
[BlackElo "2085"]
[WhiteElo "1987"]
[LiveChessVersion "1.4.8"]

1. Nf3 {[%clk 1:30:56]} e6 {[%clk 1:30:43]} 2. g3 {[%clk 1:31:09]} b6
{[%clk 1:31:00]} 3. Bg2 {[%clk 1:31:23]} Bb7 {[%clk 1:31:19]} 4. O-O
{[%clk 1:31:17]} Nf6 {[%clk 1:31:15]} 5. d3 {[%clk 1:31:28]} d5 {[%clk 1:31:18]}
6. Nbd2 {[%clk 1:31:03]} Be7 {[%clk 1:31:25]} 7. c4 {[%clk 1:27:59]} O-O
{[%clk 1:31:28]} 8. Qc2 {[%clk 1:26:17]} c5 {[%clk 1:28:23]} 9. e4
{[%clk 1:21:45]} Nc6 {[%clk 1:24:05]} 10. Re1 {[%clk 1:19:39]} Qc7
{[%clk 1:15:32]} 11. a3 {[%clk 1:16:29]} dxe4 {[%clk 1:12:46]} 12. dxe4
{[%clk 1:15:54]} e5 {[%clk 1:12:30]} 13. Nb1 {[%clk 1:12:25]} Nd4
{[%clk 1:12:18]} 14. Nxd4 {[%clk 1:10:37]} cxd4 {[%clk 1:12:42]} 15. Nd2
{[%clk 1:06:57]} a5 {[%clk 1:12:01]} 16. a4 {[%clk 1:05:41]} Rfd8
{[%clk 1:07:29]} 17. Qd3 {[%clk 0:55:02]} Nd7 {[%clk 1:06:42]} 18. Qe2
{[%clk 0:50:33]} Bg5 {[%clk 1:05:43]} 19. Nb3 {[%clk 0:48:27]} Bxc1
{[%clk 1:05:56]} 20. Nxc1 {[%clk 0:47:58]} Rac8 {[%clk 1:00:50]} 21. b3
{[%clk 0:44:50]} Nc5 {[%clk 1:01:09]} 22. f3 {[%clk 0:40:48]} d3 {[%clk 0:50:47]}
23. Qd2 {[%clk 0:40:26]} Rd4 {[%clk 0:51:11]} 24. Rb1 {[%clk 0:39:18]} Rcd8
{[%clk 0:49:07]} 25. Re3 {[%clk 0:37:53]} Bc8 {[%clk 0:40:43]} 26. Na2
{[%clk 0:37:00]} f5 {[%clk 0:41:00]} 27. exf5 {[%clk 0:36:50]} Bxf5
{[%clk 0:41:26]} 28. Nc3 {[%clk 0:36:55]} R4d7 {[%clk 0:34:00]} 29. Nd5
{[%clk 0:36:08]} Rxd5 {[%clk 0:31:50]} 30. cxd5 {[%clk 0:36:24]} Rxd5
{[%clk 0:32:14]} 31. h4 {[%clk 0:28:02]} Rd4 {[%clk 0:30:34]} 32. Qc3
{[%clk 0:21:12]} Qd6 {[%clk 0:28:13]} 33. Kh2 {[%clk 0:18:34]} d2
{[%clk 0:20:55]} 34. Rd1 {[%clk 0:18:18]} Be6 {[%clk 0:21:16]} 35. Re2
{[%clk 0:15:04]} Nxb3 {[%clk 0:19:17]} 36. Bh3 {[%clk 0:15:15]} Bc4
{[%clk 0:18:52]} 37. Re3 {[%clk 0:12:41]} g6 {[%clk 0:16:01]} 38. Bf1
{[%clk 0:11:50]} Be6 {[%clk 0:02:15]} 39. Rd3 {[%clk 0:09:31]} Qc5
{[%clk 0:01:30]} 40. Be2 {[%clk 0:32:22]} Qxc3 {[%clk 0:31:30]} 41. Rxc3
{[%clk 0:32:45]} Nc5 {[%clk 0:31:56]} 42. Re3 {[%clk 0:27:39]} Bb3
{[%clk 0:31:23]} 43. Rb1 {[%clk 0:27:21]} d1=Q {[%clk 0:14:40]} 44. Bxd1
{[%clk 0:27:31]} Bxd1 {[%clk 0:13:59]} 45. Rxb6 {[%clk 0:27:43]} Nd7
{[%clk 0:14:26]} 46. Rb5 {[%clk 0:23:22]} Bxa4 {[%clk 0:14:45]} 47. Rxa5
{[%clk 0:23:34]} Bc6 {[%clk 0:14:42]} 48. Ra7 {[%clk 0:22:41]} Rd2+
{[%clk 0:12:48]} 49. Kg1 {[%clk 0:20:38]} Kf7 {[%clk 0:08:52]} 50. Rc3
{[%clk 0:19:40]} Bb5 {[%clk 0:06:52]} 51. Rc5 {[%clk 0:19:06]} Be2
{[%clk 0:06:21]} 52. Kf2 {[%clk 0:18:02]} Ke6 {[%clk 0:06:42]} 53. Rc6+
{[%clk 0:16:56]} Ke7 {[%clk 0:07:01]} 54. Ke3 {[%clk 0:16:51]} Rb2
{[%clk 0:07:27]} 55. Rc8 {[%clk 0:15:50]} Bb5 {[%clk 0:07:26]} 56. Ke4
{[%clk 0:10:46]} Kd6 {[%clk 0:05:36]} 57. Rxd7+ {[%clk 0:09:05]} Bxd7
{[%clk 0:05:45]} 58. Rh8 {[%clk 0:09:22]} Rb3 {[%clk 0:05:40]} 59. Rd8
{[%clk 0:09:24]} Ke6 {[%clk 0:05:53]} 0-1

[Event "broadcasting 8 boards"]
[Site "Olginka"]
[Date "2022.09.25"]
[Round "2.6"]
[White "Chudinovskikh, Alexander M"]
[Black "Kiriushin, Vladimir"]
[Result "1-0"]
[BlackElo "1954"]
[WhiteElo "2074"]
[LiveChessVersion "1.4.8"]

1. e4 {[%clk 1:30:55]} c6 {[%clk 1:30:57]} 2. Nf3 {[%clk 1:31:07]} d5
{[%clk 1:31:23]} 3. Nc3 {[%clk 1:31:30]} Bg4 {[%clk 1:30:36]} 4. h3
{[%clk 1:31:50]} Bh5 {[%clk 1:30:47]} 5. d4 {[%clk 1:31:41]} Nf6 {[%clk 1:30:36]}
6. e5 {[%clk 1:28:23]} Ne4 {[%clk 1:24:34]} 7. e6 {[%clk 1:28:16]} Nxc3
{[%clk 1:23:02]} 8. exf7+ {[%clk 1:26:50]} Bxf7 {[%clk 1:23:24]} 9. bxc3
{[%clk 1:27:16]} Nd7 {[%clk 1:23:18]} 10. Bd3 {[%clk 1:26:49]} e6
{[%clk 1:18:01]} 11. Ng5 {[%clk 1:21:14]} Nf6 {[%clk 1:18:14]} 12. O-O
{[%clk 1:21:17]} Qd7 {[%clk 1:06:38]} 13. Re1 {[%clk 1:17:28]} O-O-O
{[%clk 1:03:35]} 14. Bf4 {[%clk 1:16:53]} Bg8 {[%clk 1:02:17]} 15. Rb1
{[%clk 1:11:23]} Bd6 {[%clk 1:02:14]} 16. Bxd6 {[%clk 1:11:01]} Qxd6
{[%clk 1:02:39]} 17. Nf3 {[%clk 1:10:44]} Nd7 {[%clk 0:56:18]} 18. c4
{[%clk 1:09:56]} dxc4 {[%clk 0:47:34]} 19. Bxc4 {[%clk 1:09:49]} c5
{[%clk 0:46:41]} 20. c3 {[%clk 1:09:46]} Nb6 {[%clk 0:47:00]} 21. Bf1
{[%clk 1:09:23]} Bf7 {[%clk 0:42:47]} 22. a4 {[%clk 1:08:01]} Bh5
{[%clk 0:40:07]} 23. a5 {[%clk 1:07:39]} Nd5 {[%clk 0:40:21]} 24. Qb3
{[%clk 1:07:55]} Rd7 {[%clk 0:34:02]} 25. Ne5 {[%clk 1:08:00]} Rc7
{[%clk 0:34:05]} 26. Nc4 {[%clk 0:57:13]} Qc6 {[%clk 0:32:18]} 27. dxc5
{[%clk 0:56:26]} Qxc5 {[%clk 0:29:01]} 28. Rxe6 {[%clk 0:56:34]} Rf8
{[%clk 0:26:03]} 29. Nd6+ {[%clk 0:56:06]} Kd7 {[%clk 0:26:16]} 30. Ne4
{[%clk 0:56:27]} Qxa5 {[%clk 0:25:47]} 31. Rd6+ {[%clk 0:56:45]} Kc8
{[%clk 0:25:58]} 32. Rxd5 {[%clk 0:56:56]} Kb8 1-0

[Event "broadcasting 8 boards"]
[Site "Olginka"]
[Date "2022.09.25"]
[Round "2.7"]
[White "Airapetian, Valentin"]
[Black "Pak, Kil En"]
[Result "0-1"]
[BlackElo "2207"]
[WhiteElo "1521"]
[LiveChessVersion "1.4.8"]

1. e4 {[%clk 1:30:49]} c5 {[%clk 1:27:34]} 2. Nf3 {[%clk 1:31:10]} e6 3. d4
{[%clk 1:30:23]} cxd4 {[%clk 1:28:22]} 4. Nxd4 {[%clk 1:30:42]} Nf6
{[%clk 1:28:41]} 5. Qd3 {[%clk 1:28:09]} d5 {[%clk 1:27:20]} 6. Nc3
{[%clk 1:27:27]} Nc6 {[%clk 1:22:45]} 7. Nxc6 {[%clk 1:25:38]} bxc6
{[%clk 1:23:03]} 8. Bg5 {[%clk 1:24:36]} Be7 {[%clk 1:22:44]} 9. Be2
{[%clk 1:23:53]} O-O {[%clk 1:21:59]} 10. O-O {[%clk 1:24:17]} h6
{[%clk 1:20:52]} 11. Be3 {[%clk 1:23:08]} Qc7 {[%clk 1:17:57]} 12. a3
{[%clk 1:21:32]} Rd8 {[%clk 1:17:24]} 13. exd5 {[%clk 1:19:13]} cxd5
{[%clk 1:17:37]} 14. Nb5 {[%clk 1:18:57]} Qd7 {[%clk 1:15:59]} 15. Qd4
{[%clk 1:17:12]} Ne4 {[%clk 1:12:53]} 16. Qd3 {[%clk 1:11:07]} Bf6
{[%clk 1:10:51]} 17. c3 {[%clk 1:09:14]} a6 {[%clk 1:10:40]} 18. Nd4
{[%clk 1:09:30]} e5 {[%clk 1:10:25]} 19. Nc2 {[%clk 1:07:27]} Qb7
{[%clk 1:08:59]} 20. Rab1 {[%clk 1:02:50]} Bf5 {[%clk 1:07:11]} 21. Qd1
{[%clk 1:00:33]} d4 {[%clk 1:02:35]} 22. cxd4 {[%clk 1:00:51]} exd4
{[%clk 1:02:56]} 23. Nxd4 {[%clk 0:58:36]} Bxd4 {[%clk 0:51:24]} 24. Bxd4
{[%clk 0:58:58]} Ng5 {[%clk 0:44:22]} 25. Qa4 {[%clk 0:57:11]} Qe4
{[%clk 0:41:32]} 26. Rbd1 {[%clk 0:47:54]} Qxe2 {[%clk 0:41:05]} 27. Rfe1
{[%clk 0:47:51]} Qg4 {[%clk 0:40:56]} 28. Kf1 {[%clk 0:44:14]} Ne6
{[%clk 0:35:24]} 29. f3 {[%clk 0:42:22]} Qf4 {[%clk 0:35:04]} 30. Rxe6
{[%clk 0:36:34]} fxe6 {[%clk 0:33:01]} 31. Qc6 {[%clk 0:35:46]} Rac8
{[%clk 0:31:31]} 32. Qb6 {[%clk 0:35:52]} e5 {[%clk 0:31:33]} 33. Qb3+
{[%clk 0:35:55]} Kh7 {[%clk 0:31:17]} 34. Bf2 {[%clk 0:35:55]} Rxd1+
{[%clk 0:31:34]} 35. Qxd1 {[%clk 0:36:23]} Rc1 {[%clk 0:31:51]} 0-1

[Event "broadcasting 8 boards"]
[Site "Olginka"]
[Date "2022.09.25"]
[Round "2.8"]
[White "Kremenietsky, Anatoly M."]
[Black "Kiriushin, Vladimir"]
[Result "1-0"]
[BlackElo "1954"]
[WhiteElo "2241"]
[LiveChessVersion "1.4.8"]

1. d4 {[%clk 1:28:17]} Nf6 {[%clk 1:30:47]} 2. Nf3 {[%clk 1:28:31]} e6
{[%clk 1:30:49]} 3. g3 {[%clk 1:28:44]} d5 {[%clk 1:30:07]} 4. Bg2
{[%clk 1:29:00]} Be7 {[%clk 1:30:16]} 5. O-O {[%clk 1:29:19]} O-O
{[%clk 1:30:24]} 6. c4 {[%clk 1:29:38]} dxc4 {[%clk 1:30:40]} 7. Qc2
{[%clk 1:29:53]} a6 {[%clk 1:30:44]} 8. a4 {[%clk 1:29:58]} Bd7 {[%clk 1:30:54]}
9. Qxc4 {[%clk 1:29:09]} Bc6 {[%clk 1:31:00]} 10. Qd3 {[%clk 1:27:03]} a5
{[%clk 1:28:08]} 11. Nc3 {[%clk 1:27:00]} Na6 {[%clk 1:27:50]} 12. e4
{[%clk 1:26:56]} Nb4 {[%clk 1:27:28]} 13. Qe2 {[%clk 1:27:12]} b6
{[%clk 1:21:50]} 14. Rd1 {[%clk 1:22:05]} Bb7 {[%clk 1:20:12]} 15. Ne1
{[%clk 1:21:15]} Re8 {[%clk 1:10:44]} 16. f3 {[%clk 1:10:20]} h6 {[%clk 1:06:33]}
17. Be3 {[%clk 1:09:59]} Bf8 {[%clk 1:01:02]} 18. Rac1 {[%clk 1:06:05]} Ba6
{[%clk 0:57:53]} 19. Qf2 {[%clk 1:06:03]} c6 {[%clk 0:56:26]} 20. b3
{[%clk 1:06:10]} Rc8 {[%clk 0:51:25]} 21. Na2 {[%clk 1:02:35]} Qe7
{[%clk 0:50:02]} 22. Bf1 {[%clk 0:55:00]} Bxf1 {[%clk 0:48:33]} 23. Kxf1
{[%clk 0:55:27]} Nxa2 {[%clk 0:45:43]} 24. Qxa2 {[%clk 0:55:54]} Qb7
{[%clk 0:45:32]} 25. Nd3 {[%clk 0:55:00]} Nd7 {[%clk 0:42:17]} 26. Rc3
{[%clk 0:54:33]} e5 {[%clk 0:40:35]} 27. dxe5 {[%clk 0:44:02]} Nxe5
{[%clk 0:39:30]} 28. Nxe5 {[%clk 0:43:16]} Rxe5 {[%clk 0:39:31]} 29. Qf2
{[%clk 0:40:30]} b5 {[%clk 0:36:29]} 30. Qc2 {[%clk 0:38:31]} bxa4
{[%clk 0:31:31]} 31. bxa4 {[%clk 0:38:50]} Bb4 {[%clk 0:30:37]} 32. Rcd3
{[%clk 0:38:49]} Qe7 {[%clk 0:30:01]} 33. Qc4 {[%clk 0:36:21]} Rh5
{[%clk 0:24:10]} 34. Kg2 {[%clk 0:35:34]} Qf6 {[%clk 0:21:58]} 35. Bd4
{[%clk 0:34:09]} Qg6 {[%clk 0:20:22]} 36. g4 {[%clk 0:17:06]} Bd6
{[%clk 0:15:00]} 37. Bg1 {[%clk 0:14:23]} Bf4 {[%clk 0:12:05]} 38. Rd8+
{[%clk 0:09:09]} Rxd8 {[%clk 0:12:18]} 39. Rxd8+ {[%clk 0:09:37]} Kh7
{[%clk 0:12:42]} 40. Rc8 {[%clk 0:36:30]} Rg5 {[%clk 0:41:59]} 41. h3
{[%clk 0:36:20]} Qd6 {[%clk 0:40:36]} 42. Rxc6 {[%clk 0:30:15]} Qd2+
{[%clk 0:40:11]} 43. Bf2 {[%clk 0:30:43]} Rg6 {[%clk 0:38:19]} 44. Rxg6
{[%clk 0:27:16]} fxg6 {[%clk 0:38:37]} 45. Qd4 {[%clk 0:26:40]} Qe2
{[%clk 0:38:24]} 46. Qc3 {[%clk 0:26:07]} Bd2 {[%clk 0:37:29]} 47. Qc2
{[%clk 0:25:56]} h5 {[%clk 0:37:13]} 48. e5 {[%clk 0:25:53]} hxg4
{[%clk 0:36:48]} 49. hxg4 {[%clk 0:26:12]} Kg8 {[%clk 0:36:59]} 50. e6
{[%clk 0:26:26]} g5 {[%clk 0:36:09]} 51. Kg1 {[%clk 0:19:29]} Qxf3
{[%clk 0:36:15]} 52. Qc8+ {[%clk 0:19:24]} Kh7 {[%clk 0:36:31]} 53. e7
{[%clk 0:19:51]} Qd1+ {[%clk 0:34:56]} 54. Kg2 {[%clk 0:20:06]} Bb4
{[%clk 0:34:19]} 55. Qf5+ {[%clk 0:20:17]} g6 {[%clk 0:34:01]} 56. Qe4
{[%clk 0:19:02]} Bxe7 {[%clk 0:33:44]} 57. Qxe7+ {[%clk 0:19:13]} Kh6
{[%clk 0:34:12]} 58. Qe4 {[%clk 0:18:54]} Qd2 {[%clk 0:33:20]} 59. Qd4
{[%clk 0:19:08]} 1-0